[Event "Online Olym Top DivB 2021"]
[Site "chess.com INT"]
[Date "2021.09.08"]
[Round "1.4"]
[Board "4"]
[White "Moaataz, Ayah"]
[Black "Kulkarni, Bhakti"]
[Result "0-1"]
[WhiteTitle "WIM"]
[BlackTitle "IM"]
[WhiteElo "2032"]
[BlackElo "2388"]
[WhiteTeam "Egypt"]
[BlackTeam "India"]
[WhiteFideId "10615873"]
[BlackFideId "5019516"]
[EventDate "2021.09.08"]
[EventType "team"]

1. c4 e5 2. g3 Nc6 3. Nc3 f5 4. d3 Nf6 5. Bg2 Bc5 6. Nf3 d6 7. e3 O-O 8. O-O a6
9. d4 Ba7 10. b3 e4 11. Ne1 Qe8 12. f4 Bd7 13. Nc2 Ne7 14. d5 b5 15. Nd4 Rb8 16.
h3 Kh8 17. Nce2 Bc5 18. cxb5 axb5 19. Bb2 Nexd5 20. Qd2 Bb4 21. Qc1 Ba5 22. a3
Bb6 23. Rd1 c5 24. Nc2 Be6 25. b4 Qh5 26. Qd2 Rbc8 27. Nc3 Nxc3 28. Bxc3 Nd5 29.
bxc5 Nxc3 30. Qxc3 Rxc5 31. Qd2 Rd8 32. Nd4 Bc4 33. Rab1 Qg6 34. Kh2 d5 35. Rb2
Ra8 36. Bf1 Ba5 37. Qf2 Bc3 38. Rc2 Rxa3 39. Bxc4 Bxd4 40. Rxd4 bxc4 41. Qd2 Rd3
42. Qb4 Rc8 43. Qb7 Qc6 44. Qf7 Rxd4 45. exd4 c3 46. Qxf5 Rb8 47. Qe5 Re8 48.
Rxc3 Rxe5 49. Rxc6 Re8 50. Kg2 Kg8 51. Kf2 Ra8 52. Rd6 Ra2+ 53. Ke3 Ra3+ 54. Kf2
Ra5 55. Rd7 h6 56. f5 Kf8 57. Ke3 Ra3+ 58. Kf2 Rf3+ 59. Kg2 Rxf5 60. g4 Rg5 61.
Kg3 Ke8 62. Ra7 Rg6 63. Ra5 Re6 64. Kf2 Rf6+ 65. Ke2 Rd6 66. Ke3 Kf7 67. h4 Kf6
68. Ra1 Rb6 69. Rf1+ Ke6 70. g5 Rb3+ 71. Kf4 Rf3+ 72. Rxf3 hxg5+ 73. hxg5 exf3
74. Kxf3 Kf5 0-1

[Event "Online Olym Top DivB 2021"]
[Site "chess.com INT"]
[Date "2021.09.08"]
[Round "1.4"]
[Board "5"]
[White "Praggnanandhaa, R"]
[Black "Kandil, Adham"]
[Result "1-0"]
[WhiteTitle "GM"]
[BlackTitle "IM"]
[WhiteElo "2617"]
[BlackElo "2342"]
[WhiteTeam "India"]
[BlackTeam "Egypt"]
[WhiteFideId "25059530"]
[BlackFideId "10618490"]
[EventDate "2021.09.08"]
[EventType "team"]

1. Nf3 Nf6 2. b3 c5 3. Bb2 e6 4. e3 Be7 5. c4 O-O 6. Nc3 d5 7. cxd5 exd5 8. d4
Nc6 9. Be2 cxd4 10. Nxd4 Bc5 11. Nxc6 bxc6 12. O-O Qe7 13. Rc1 Bd6 14. Na4 Bd7
15. Qd4 Qe4 16. Nc5 Qxd4 17. Bxd4 Bxc5 18. Rxc5 Ne4 19. Ra5 Nd6 20. Ra6 Nb5 21.
Bc5 Rfc8 22. Rc1 Rc7 23. a4 1-0

[Event "Online Olym Top DivB 2021"]
[Site "chess.com INT"]
[Date "2021.09.08"]
[Round "1.4"]
[Board "6"]
[White "Adel, Sara"]
[Black "Vaishali, R"]
[Result "0-1"]
[WhiteTitle "WFM"]
[BlackTitle "WGM"]
[WhiteElo "1741"]
[BlackElo "2414"]
[WhiteTeam "Egypt"]
[BlackTeam "India"]
[WhiteFideId "10616764"]
[BlackFideId "5091756"]
[EventDate "2021.09.08"]
[EventType "team"]

1. e4 c5 2. Nc3 Nc6 3. f4 g6 4. Nf3 Bg7 5. Bc4 e6 6. O-O Nge7 7. Qe1 Nd4 8. Nxd4
cxd4 9. Ne2 O-O 10. d3 d5 11. Bb3 dxe4 12. dxe4 Qb6 13. Kh1 Bd7 14. Qh4 Bb5 15.
Rf3 Bxe2 16. Rh3 Rfe8 17. Qxh7+ Kf8 18. f5 exf5 19. e5 Ng8 20. Bf4 Qc6 21. Re1
Bg4 22. Rg3 Rad8 23. h3 Bh5 24. Kh2 a5 25. e6 fxe6 26. Rxg6 Bxg6 27. Qxg6 Nf6
28. Be5 Rd7 29. Bxf6 Qd6+ 30. Kh1 b5 31. a4 Bxf6 32. Qxf6+ Rf7 33. Qh6+ Rg7 34.
Bxe6 Qg3 35. Qf6+ 0-1

[Event "Online Olym Top DivB 2021"]
[Site "chess.com INT"]
[Date "2021.09.08"]
[Round "1.5"]
[Board "1"]
[White "Bologan, Victor"]
[Black "Borisek, Jure"]
[Result "1-0"]
[WhiteTitle "GM"]
[BlackTitle "GM"]
[WhiteElo "2574"]
[BlackElo "2591"]
[WhiteTeam "Moldova"]
[BlackTeam "Slovenia"]
[WhiteFideId "13900048"]
[BlackFideId "14603152"]
[EventDate "2021.09.08"]
[EventType "team"]

1. d4 d5 2. c4 dxc4 3. e4 Nf6 4. e5 Nd5 5. Bxc4 Bf5 6. Ne2 e6 7. O-O Nb6 8. Bb3
Nc6 9. Nbc3 Qd7 10. Be3 O-O-O 11. Qc1 Kb8 12. Rd1 Qe8 13. a4 Bb4 14. Ng3 Bg6 15.
Nge4 h5 16. f3 h4 17. h3 Bf5 18. Bf2 Qe7 19. Qf4 Rh5 20. Ba2 Nd5 21. Nxd5 exd5
22. Nc3 Bxc3 23. bxc3 Na5 24. Qc1 f6 25. Re1 Bd3 26. Qe3 Bc4 27. Bb1 Nc6 28. f4
f5 29. a5 Rg8 30. Qf3 g6 31. a6 b5 32. Ba2 Qe6 33. Reb1 Ka8 34. Rxb5 Bxb5 35.
Bxd5 Qd7 36. Bxg8 1-0

[Event "Online Olym Top DivB 2021"]
[Site "chess.com INT"]
[Date "2021.09.08"]
[Round "1.5"]
[Board "2"]
[White "Markoja, Boris"]
[Black "Macovei, Andrei"]
[Result "1/2-1/2"]
[WhiteTitle "IM"]
[BlackTitle "IM"]
[WhiteElo "2453"]
[BlackElo "2453"]
[WhiteTeam "Slovenia"]
[BlackTeam "Moldova"]
[WhiteFideId "14608502"]
[BlackFideId "13904680"]
[EventDate "2021.09.08"]
[EventType "team"]

1. d4 Nf6 2. c4 e6 3. g3 d5 4. Nf3 Be7 5. Bg2 O-O 6. Nc3 dxc4 7. Ne5 c5 8. dxc5
Qxd1+ 9. Nxd1 Bxc5 10. Nc3 Nc6 11. Nxc4 Nd5 12. Bd2 Rd8 13. Rc1 b6 14. Na4 Bf8
15. Ne3 Nce7 16. Nc3 Bb7 17. Nexd5 Nxd5 18. O-O Nxc3 19. Bxc3 1/2-1/2

[Event "Online Olym Top DivB 2021"]
[Site "chess.com INT"]
[Date "2021.09.08"]
[Round "1.5"]
[Board "3"]
[White "Gitu, Paula-Alexandra"]
[Black "Janzelj, Lara"]
[Result "0-1"]
[WhiteTitle "WFM"]
[BlackTitle "WIM"]
[WhiteElo "2113"]
[BlackElo "2186"]
[WhiteTeam "Moldova"]
[BlackTeam "Slovenia"]
[WhiteFideId "13904620"]
[BlackFideId "14608391"]
[EventDate "2021.09.08"]
[EventType "team"]

1. e4 e5 2. Bc4 Nf6 3. Nc3 Nc6 4. d3 Bb4 5. Ne2 d5 6. exd5 Nxd5 7. Bxd5 Qxd5 8.
O-O Qd7 9. f4 f6 10. Be3 O-O 11. Ng3 b6 12. Nce4 Bb7 13. a3 Bd6 14. f5 Ne7 15.
Qg4 Nd5 16. Bd2 Kh8 17. c4 Ne7 18. Nh5 Nc6 19. Rf3 Nd4 20. Rg3 Rf7 21. Rf1 Bxe4
22. dxe4 Rd8 23. b4 Qc6 24. Nxf6 gxf6 25. Bh6 Qd7 26. Rd1 a5 27. b5 Ne2+ 0-1

[Event "Online Olym Top DivB 2021"]
[Site "chess.com INT"]
[Date "2021.09.08"]
[Round "1.5"]
[Board "4"]
[White "Rozman, Monika"]
[Black "Verbin, Valentina"]
[Result "1/2-1/2"]
[WhiteTitle "WFM"]
[WhiteElo "2188"]
[BlackElo "2039"]
[WhiteTeam "Slovenia"]
[BlackTeam "Moldova"]
[WhiteFideId "14609118"]
[BlackFideId "13905910"]
[EventDate "2021.09.08"]
[EventType "team"]

1. e4 c5 2. Nf3 d6 3. d4 cxd4 4. Nxd4 Nf6 5. Nc3 a6 6. Be3 e5 7. Nf3 Be7 8. Bc4
Be6 9. Bb3 Nbd7 10. O-O Qc8 11. Bg5 O-O 12. Qe2 h6 13. Bxf6 Nxf6 14. Rfd1 b5 15.
Nd5 Nxd5 16. Bxd5 Ra7 17. c3 Bxd5 18. Rxd5 f5 19. Rad1 Rb7 20. Nd2 Qe6 21. Nb3
Rc7 22. R5d3 fxe4 23. Qxe4 Rf4 24. Qa8+ Qc8 25. Qd5+ Kh8 26. Re3 Qf5 27. Qd2 Rc8
28. g3 Ra4 29. a3 Bg5 30. Qd3 e4 31. Qe2 Bxe3 32. Qxe3 Qe5 33. Qb6 Rf8 34. Qxd6
Qxd6 35. Rxd6 e3 36. fxe3 Re4 37. Rxa6 Rxe3 38. Nd4 Rd3 39. Nxb5 Rd1+ 40. Kg2
Rd2+ 41. Kh3 Rxb2 42. Nd4 Rff2 43. Kg4 Rxh2 44. Ra8+ Kh7 45. Ne6 Kg6 46. Nf4+
Kf7 47. Ra7+ Kf6 48. Nh5+ Ke5 49. Nxg7 Rb3 50. Ra5+ Kd6 51. Nf5+ Kd7 52. c4 Ra2
53. Nxh6 Raxa3 54. Rd5+ Ke6 55. Nf5 Rc3 56. Rd6+ Ke5 57. Rd5+ Ke6 58. Rd6+ Ke5
59. Rd5+ Ke6 1/2-1/2

[Event "Online Olym Top DivB 2021"]
[Site "chess.com INT"]
[Date "2021.09.08"]
[Round "1.5"]
[Board "5"]
[White "Lashkin, Jegor"]
[Black "Tisaj, Domen"]
[Result "0-1"]
[WhiteTitle "FM"]
[BlackTitle "FM"]
[WhiteElo "2386"]
[BlackElo "2357"]
[WhiteTeam "Moldova"]
[BlackTeam "Slovenia"]
[WhiteFideId "13907808"]
[BlackFideId "14628708"]
[EventDate "2021.09.08"]
[EventType "team"]

1. d4 Nf6 2. c4 e6 3. Nf3 d5 4. Nc3 Be7 5. Bf4 O-O 6. e3 b6 7. Bd3 dxc4 8. Bxc4
Ba6 9. Bxa6 Nxa6 10. Qa4 Nb4 11. O-O Nbd5 12. Nxd5 Nxd5 13. Be5 c5 14. dxc5 Bxc5
15. e4 Nf6 16. Rad1 Qe8 17. Qxe8 Rfxe8 18. Bxf6 gxf6 19. Rd7 Re7 20. Rfd1 Rc8
21. Rd8+ Rxd8 22. Rxd8+ Kg7 23. Kf1 Rc7 24. Ne1 b5 25. Ke2 Bb6 26. Rd2 Kg6 27.
Nd3 Ba5 28. Rd1 Rc2+ 29. Kf3 Bb6 30. e5 fxe5 31. Nxe5+ Kf5 32. Nd3 h5 33. h3 e5
34. g4+ hxg4+ 35. hxg4+ Ke6 36. Rc1 Rxc1 37. Nxc1 Kd5 38. Ke2 e4 39. f3 Bd4 40.
fxe4+ Kxe4 41. Nd3 a5 42. b3 f6 43. a4 b4 44. Ne1 Kf4 45. Nf3 Bb6 46. Nd2 Kxg4
47. Nc4 Bc7 48. Ne3+ Kg5 49. Kf3 f5 50. Nd5 Be5 51. Nb6 Kf6 52. Nc4 Bc7 53. Ke3
Kg5 54. Kf3 f4 55. Nb2 Kf5 56. Nd3 Bd6 57. Nc1 Ke5 58. Ke2 Ke4 59. Nd3 f3+ 60.
Kd2 Bf4+ 61. Kc2 Be3 0-1

[Event "Online Olym Top DivB 2021"]
[Site "chess.com INT"]
[Date "2021.09.08"]
[Round "1.5"]
[Board "6"]
[White "Urh, Zala"]
[Black "Mihailova, Alina"]
[Result "0-1"]
[WhiteTitle "WIM"]
[WhiteElo "2234"]
[BlackElo "1884"]
[WhiteTeam "Slovenia"]
[BlackTeam "Moldova"]
[WhiteFideId "14611481"]
[BlackFideId "13907018"]
[EventDate "2021.09.08"]
[EventType "team"]

1. d4 d5 2. c4 dxc4 3. Nf3 Nf6 4. e3 e6 5. Bxc4 a6 6. O-O b5 7. Bd3 Bb7 8. b3
Nbd7 9. Bb2 Be7 10. Nc3 O-O 11. Rc1 c5 12. Bb1 Qb6 13. dxc5 Nxc5 14. Nd4 Rfd8
15. Qe2 Rac8 16. Rfd1 Qa7 17. b4 Ncd7 18. a3 Qa8 19. f3 Nb6 0-1

[Event "Online Olym Top DivB 2021"]
[Site "chess.com INT"]
[Date "2021.09.08"]
[Round "2.1"]
[Board "1"]
[White "Erdos, Viktor"]
[Black "Borisek, Jure"]
[Result "1/2-1/2"]
[WhiteTitle "GM"]
[BlackTitle "GM"]
[WhiteElo "2622"]
[BlackElo "2591"]
[WhiteTeam "Hungary"]
[BlackTeam "Slovenia"]
[WhiteFideId "719978"]
[BlackFideId "14603152"]
[EventDate "2021.09.08"]
[EventType "team"]

1. Nf3 d5 2. d4 Nf6 3. c4 dxc4 4. e3 e6 5. Bxc4 c5 6. O-O Nc6 7. a3 a6 8. dxc5
Qxd1 9. Rxd1 Bxc5 10. b4 Be7 11. Bb2 O-O 12. Nbd2 Bd7 13. Ne4 Rfd8 14. Nfd2 Nxe4
15. Nxe4 Be8 16. Kf1 Kf8 17. Ke2 h6 18. Rac1 Rxd1 19. Kxd1 Nb8 20. Bd3 Bc6 21.
Ke2 Nd7 22. g4 Nf6 23. Nxf6 Bxf6 24. Bxf6 gxf6 25. Rc5 Kg7 26. f4 Kf8 27. e4 Kg7
28. Ke3 Kf8 29. h4 Kg7 30. Bc2 Kf8 31. a4 Kg7 32. a5 Kf8 33. Bd3 Kg7 34. Rc3 Kf8
35. Rc5 Kg7 36. Kd4 Rd8+ 37. Kc3 Ra8 38. Bc2 Kf8 39. Kd3 Ke7 40. Ke3 Kf8 41. Bd1
Kg7 42. Bf3 Rd8 43. Be2 Ra8 44. Rc2 Kf8 45. Bd3 Ke7 46. Rc5 Kf8 47. Rc2 Ke7 48.
Rc3 Rg8 49. Be2 Ra8 50. Bf3 Kd6 51. e5+ fxe5 52. fxe5+ Kxe5 53. Bxc6 bxc6 54.
Rxc6 Rb8 55. Rc5+ Kd6 56. Rc4 f6 57. Kf4 Rb5 58. Rd4+ Ke7 59. Rc4 Kd6 60. Rd4+
Ke7 61. Rc4 Kd6 1/2-1/2

[Event "Online Olym Top DivB 2021"]
[Site "chess.com INT"]
[Date "2021.09.08"]
[Round "2.1"]
[Board "2"]
[White "Markoja, Boris"]
[Black "Banusz, Tamas"]
[Result "0-1"]
[WhiteTitle "IM"]
[BlackTitle "GM"]
[WhiteElo "2453"]
[BlackElo "2641"]
[WhiteTeam "Slovenia"]
[BlackTeam "Hungary"]
[WhiteFideId "14608502"]
[BlackFideId "722413"]
[EventDate "2021.09.08"]
[EventType "team"]

1. d4 d5 2. c4 c6 3. Nf3 Nf6 4. g3 Bf5 5. Nc3 e6 6. Nh4 dxc4 7. Bg2 Bb4 8. O-O
O-O 9. Bg5 h6 10. Bxf6 Qxf6 11. Nxf5 Qxf5 12. Rc1 Nd7 13. e3 Rac8 14. Ne4 b5 15.
b3 Nb6 16. g4 Qg6 17. Nc5 Rfd8 18. Qe2 Ba3 19. Ra1 c3 20. Be4 f5 21. Bd3 Bxc5
22. dxc5 Qxg4+ 23. Qxg4 fxg4 24. cxb6 Rxd3 25. bxa7 Ra8 26. a4 Rxa7 27. Rfc1 b4
28. Rd1 Rxd1+ 29. Rxd1 Rxa4 30. bxa4 c2 0-1

[Event "Online Olym Top DivB 2021"]
[Site "chess.com INT"]
[Date "2021.09.08"]
[Round "2.1"]
[Board "3"]
[White "Hoang, Thanh Trang"]
[Black "Janzelj, Lara"]
[Result "1-0"]
[WhiteTitle "GM"]
[BlackTitle "WIM"]
[WhiteElo "2380"]
[BlackElo "2186"]
[WhiteTeam "Hungary"]
[BlackTeam "Slovenia"]
[WhiteFideId "12400149"]
[BlackFideId "14608391"]
[EventDate "2021.09.08"]
[EventType "team"]

1. d4 d5 2. Nf3 Nf6 3. e3 e6 4. Bd3 Be7 5. O-O O-O 6. Nbd2 b6 7. b3 Ba6 8. Bxa6
Nxa6 9. Bb2 c5 10. Qe2 Nb4 11. c4 dxc4 12. Nxc4 Ne4 13. Rfd1 Qc7 14. dxc5 Qxc5
15. Nfe5 Nf6 16. a3 Nbd5 17. b4 Qc7 18. Rac1 Qb7 19. Qf3 Rfd8 20. b5 Bf8 21. Nc6
Re8 22. e4 Ne7 23. Nd6 Qc7 24. Bxf6 gxf6 25. Nxe8 Rxe8 26. Qxf6 Nxc6 27. Rxc6
Qb7 28. a4 Bg7 29. Qg5 h6 30. Qh4 Kh7 31. h3 Re7 32. e5 Rd7 33. Qe4+ Kg8 34.
Rxd7 Qxd7 35. Rd6 Qe7 36. f4 Qh4 37. Rd7 Bf8 38. Kh2 Bc5 39. Qf3 Kf8 40. Rxa7
Bf2 41. Ra8+ Kg7 42. Qg4+ 1-0

[Event "Online Olym Top DivB 2021"]
[Site "chess.com INT"]
[Date "2021.09.08"]
[Round "2.1"]
[Board "4"]
[White "Rozman, Monika"]
[Black "Lazarne Vajda, Szidonia"]
[Result "1-0"]
[WhiteTitle "WFM"]
[BlackTitle "IM"]
[WhiteElo "2188"]
[BlackElo "2345"]
[WhiteTeam "Slovenia"]
[BlackTeam "Hungary"]
[WhiteFideId "14609118"]
[BlackFideId "723894"]
[EventDate "2021.09.08"]
[EventType "team"]

1. e4 d6 2. d4 Nf6 3. Nc3 e5 4. dxe5 dxe5 5. Qxd8+ Kxd8 6. Bc4 Bb4 7. Bd2 Ke7 8.
Nf3 Nbd7 9. Ng5 h6 10. Nf3 c6 11. O-O Bd6 12. Rfe1 Nb6 13. Bb3 Be6 14. Bxe6 Kxe6
15. Rad1 Rad8 16. a3 g5 17. Na2 Nbd7 18. b4 Nf8 19. Bc3 Ng6 20. Nc1 g4 21. Nd2
Bc7 22. Nd3 h5 23. Nc5+ Ke7 24. Nxb7 Rb8 25. Nc5 Bb6 26. Nd3 Nd7 27. Nc4 f6 28.
Ne3 Bxe3 29. Rxe3 Ngf8 30. Nc1 Nb6 31. Red3 Ne6 32. Nb3 Nf4 33. R3d2 Nc4 34.
Rd7+ Ke8 35. Kf1 Nxa3 36. Na5 Nb5 37. Be1 Nd4 38. Rxa7 Nxc2 39. Nxc6 Rc8 40. b5
Ne6 41. Re7+ Kf8 42. Rxe6 Na3 43. Rd7 Nxb5 44. Rxf6+ Kg8 45. Ne7+ Kg7 46. Nd5+
Kg8 47. Rb6 Nd4 48. Ne7+ 1-0

[Event "Online Olym Top DivB 2021"]
[Site "chess.com INT"]
[Date "2021.09.08"]
[Round "2.1"]
[Board "5"]
[White "Borhy, Marcell"]
[Black "Tisaj, Domen"]
[Result "1-0"]
[WhiteTitle "IM"]
[BlackTitle "FM"]
[WhiteElo "2374"]
[BlackElo "2357"]
[WhiteTeam "Hungary"]
[BlackTeam "Slovenia"]
[WhiteFideId "770787"]
[BlackFideId "14628708"]
[EventDate "2021.09.08"]
[EventType "team"]

1. Nf3 Nf6 2. c4 c5 3. Nc3 b6 4. g3 Bb7 5. Bg2 e6 6. O-O Be7 7. Re1 d5 8. cxd5
Nxd5 9. e4 Nxc3 10. bxc3 O-O 11. d4 Nd7 12. Bf4 Nf6 13. Qd3 Rc8 14. Rad1 cxd4
15. cxd4 Bb4 16. Re2 h6 17. Qb1 Qe7 18. Ne5 Bd6 19. Nd3 Bxf4 20. Nxf4 Rfd8 21.
d5 e5 22. Nd3 Ba6 23. Rc2 Rxc2 24. Qxc2 Rc8 25. Qb2 Bxd3 26. Rxd3 Qc5 27. Rd1
Qc2 28. Qxc2 Rxc2 29. d6 Rc8 30. f4 Rd8 31. fxe5 Nd7 32. Rd5 Kf8 33. Kf2 Rc8 34.
Bh3 Rc2+ 35. Ke3 Ke8 36. e6 fxe6 37. Bxe6 Nc5 38. Bf5 Rxa2 39. Re5+ Kd8 40. Re7
Ra3+ 41. Kd4 Rd3+ 42. Ke5 Rd2 43. Rxa7 Nd3+ 44. Kd5 Nb4+ 45. Ke6 Ra2 46. Rxg7 1-0

[Event "Online Olym Top DivB 2021"]
[Site "chess.com INT"]
[Date "2021.09.08"]
[Round "2.1"]
[Board "6"]
[White "Urh, Zala"]
[Black "Gaal, Zsoka"]
[Result "1-0"]
[WhiteTitle "WIM"]
[BlackTitle "WFM"]
[WhiteElo "2234"]
[BlackElo "2276"]
[WhiteTeam "Slovenia"]
[BlackTeam "Hungary"]
[WhiteFideId "14611481"]
[BlackFideId "777765"]
[EventDate "2021.09.08"]
[EventType "team"]

1. d4 Nf6 2. c4 e6 3. Nf3 d5 4. Nc3 c6 5. cxd5 exd5 6. Bg5 Be7 7. e3 Bf5 8. Bd3
Bxd3 9. Qxd3 O-O 10. O-O Nbd7 11. Rae1 Re8 12. Nd2 Qc7 13. f3 c5 14. Bh4 Rac8
15. Bf2 cxd4 16. exd4 Bd6 17. g3 a6 18. Kg2 g6 19. Be3 Kg7 20. Re2 b5 21. a3 b4
22. axb4 Bxb4 23. Ndb1 Re6 24. Rfe1 Rce8 25. Bf4 Qc6 26. g4 Nb6 27. h4 Qc4 28.
Qxc4 Nxc4 29. Rxe6 Rxe6 30. Rxe6 fxe6 31. b3 Na5 32. Na2 Be7 33. Nd2 Nc6 34. Be3
Bd8 35. Nc3 Ba5 36. Ne2 Bb6 37. Kf2 Ne8 38. Nb1 Nd6 39. Nbc3 h5 40. Na4 Ba7 41.
Nc5 Kf7 42. Nxa6 hxg4 43. fxg4 Ne4+ 44. Kf3 e5 45. Nc7 exd4 46. Nxd5 Nd6 47. Bf4
Nb5 48. Nc1 Nc3 49. Nxc3 dxc3 50. Ke4 Nb4 51. h5 gxh5 52. gxh5 Bc5 53. Be5 c2
54. Bc3 Nc6 55. Kd3 Nb4+ 56. Kc4 Be3 57. Bxb4 Bxc1 58. Kd3 Kg7 59. Kxc2 Bf4 60.
Bd2 Bd6 61. Kd3 Be7 62. Kc4 Bd6 63. b4 1-0

[Event "Online Olym Top DivB 2021"]
[Site "chess.com INT"]
[Date "2021.09.08"]
[Round "2.2"]
[Board "1"]
[White "Adly, Ahmed"]
[Black "Macovei, Andrei"]
[Result "1-0"]
[WhiteTitle "GM"]
[BlackTitle "IM"]
[WhiteElo "2619"]
[BlackElo "2453"]
[WhiteTeam "Egypt"]
[BlackTeam "Moldova"]
[WhiteFideId "10601619"]
[BlackFideId "13904680"]
[EventDate "2021.09.08"]
[EventType "team"]

1. Nf3 Nf6 2. g3 e6 3. Bg2 d5 4. O-O Be7 5. d4 O-O 6. c4 dxc4 7. Qc2 a6 8. a4 c5
9. dxc5 Bxc5 10. Qxc4 b6 11. Nc3 Bb7 12. Rd1 Qe7 13. Bg5 Nbd7 14. b4 Bd6 15. b5
h6 16. Nd4 Ne5 17. Bxf6 Qxf6 18. Qb3 Bxg2 19. Kxg2 Bc5 20. Ne4 Qe7 21. Nf3 Nxf3
22. Qxf3 axb5 23. axb5 Rxa1 24. Rxa1 Rd8 25. Rc1 Rd5 26. e3 Qd7 27. Nxc5 bxc5
28. Rb1 Qb7 29. Qe4 Rd7 30. Qxb7 Rxb7 31. Kf3 Kf8 32. Ke4 Ke7 33. Kd3 Kd8 34.
Kc4 Rd7 35. Rb2 Kc7 36. Ra2 Kb7 37. Kxc5 Rd5+ 38. Kc4 Kb6 39. Ra6+ Kb7 40. f4
Rd2 41. h4 Rc2+ 42. Kd4 Rd2+ 43. Kc5 Rd5+ 44. Kc4 h5 45. e4 Rd2 46. e5 Rc2+ 47.
Kb4 Rd2 48. Rd6 Rb2+ 49. Kc3 Rg2 50. Rd7+ Kb6 51. Rxf7 Rxg3+ 52. Kd4 Rg4 53. Ke4
Kxb5 54. Re7 Rg6 55. Rd7 Kc4 56. Rd6 Kc5 57. Kf3 Rg4 58. Rxe6 Rxh4 59. Rg6 Kd4
60. Rxg7 Rh3+ 61. Rg3 Rh1 62. Kf2 Ra1 63. Re3 h4 64. e6 Ra2+ 65. Kf3 h3 66. e7
h2 67. Re1 h1=Q+ 68. Rxh1 Ra3+ 69. Kf2 Ra2+ 70. Kf3 Ra3+ 71. Kg4 Re3 72. Rh7 Kd5
73. f5 Kd6 74. f6 Re1 75. Rh8 1-0

[Event "Online Olym Top DivB 2021"]
[Site "chess.com INT"]
[Date "2021.09.08"]
[Round "2.2"]
[Board "2"]
[White "Schitco, Ivan"]
[Black "Fawzy, Adham"]
[Result "1-0"]
[WhiteTitle "IM"]
[BlackTitle "GM"]
[WhiteElo "2473"]
[BlackElo "2488"]
[WhiteTeam "Moldova"]
[BlackTeam "Egypt"]
[WhiteFideId "13905465"]
[BlackFideId "10613129"]
[EventDate "2021.09.08"]
[EventType "team"]

1. Nf3 c5 2. c4 Nc6 3. g3 e5 4. Nc3 g6 5. Bg2 Bg7 6. d3 Nge7 7. h4 h6 8. h5 g5
9. Nxg5 hxg5 10. Bxg5 f6 11. h6 fxg5 12. hxg7 Rxh1+ 13. Bxh1 Kf7 14. e3 Kxg7 15.
Qh5 Qh8 16. Qxg5+ Ng6 17. Be4 Qh6 18. Qxh6+ Kxh6 19. Nb5 Nb4 20. Ke2 d5 21. cxd5
Nf8 22. a3 Na6 23. Nd6 Kg7 24. Rh1 Nc7 25. Nc4 Ne8 26. Nxe5 Nd6 27. f4 b6 28.
Kf3 Ba6 29. g4 Re8 30. g5 c4 31. dxc4 Nxc4 32. Nxc4 Bxc4 33. Rc1 Rc8 34. Kf2 Ba6
35. Rxc8 Bxc8 36. Bc2 Nd7 37. e4 Bb7 38. Ke3 Kf7 39. Kd4 Ke7 40. e5 Nc5 41. f5
Bc8 42. f6+ Kf8 43. g6 Bg4 44. e6 1-0

[Event "Online Olym Top DivB 2021"]
[Site "chess.com INT"]
[Date "2021.09.08"]
[Round "2.2"]
[Board "3"]
[White "Wafa, Shahenda"]
[Black "Gitu, Paula-Alexandra"]
[Result "0-1"]
[WhiteTitle "WGM"]
[BlackTitle "WFM"]
[WhiteElo "2120"]
[BlackElo "2113"]
[WhiteTeam "Egypt"]
[BlackTeam "Moldova"]
[WhiteFideId "10609962"]
[BlackFideId "13904620"]
[EventDate "2021.09.08"]
[EventType "team"]

1. e4 d6 2. d4 Nf6 3. Nc3 e5 4. Nf3 Nbd7 5. Bc4 Be7 6. O-O O-O 7. h3 c6 8. a4 b6
9. Be3 Bb7 10. d5 Qc7 11. dxc6 Bxc6 12. Bd5 Rac8 13. Bxc6 Qxc6 14. Qd3 Rfd8 15.
Rfd1 Nf8 16. a5 Rb8 17. axb6 axb6 18. Ra6 Rd7 19. Nd5 Nxd5 20. exd5 Qc7 21. Qb3
b5 22. Rc6 Qa5 23. c4 Ng6 24. c5 h6 25. cxd6 Rxd6 26. Rcc1 Rd7 27. Nd2 Rbd8 28.
Ne4 b4 29. Bc5 Bxc5 30. Nxc5 Rc7 31. Qe3 Rd6 32. Nb3 Qa7 33. Qxa7 Rxa7 34. Rc8+
Kh7 35. Rb8 Rad7 36. Rxb4 Rxd5 37. Rxd5 Rxd5 38. Rb7 f6 39. g3 Nf8 40. Kg2 Kg6
41. Nc1 Ne6 42. h4 Rd2 43. b4 h5 44. Ra7 Nd4 45. Ra2 Rd1 46. Ra1 Nc2 47. Rb1
Ne1+ 48. Kf1 Nd3+ 49. Ke2 Rxc1 50. Rb3 Nxb4 51. Rxb4 Rc2+ 52. Ke3 Kf5 53. Rb3 g5
54. hxg5 fxg5 55. Kf3 Rc4 56. Ra3 e4+ 57. Kg2 Kg4 58. Re3 Rd4 59. Re2 h4 60.
gxh4 gxh4 61. Re3 Rc4 62. Re2 h3+ 63. Kh2 Kf3 64. Ra2 Rc6 65. Rb2 Rc1 66. Rd2
Rf1 67. Rd8 Rxf2+ 68. Kxh3 e3 69. Re8 Ke2 70. Kg3 Kd2 71. Rd8+ Ke1 72. Ra8 Rd2
73. Ra1+ Rd1 74. Ra2 e2 75. Kf3 Rd3+ 76. Ke4 Rh3 77. Ra1+ Kf2 78. Ra2 Kf1 0-1

[Event "Online Olym Top DivB 2021"]
[Site "chess.com INT"]
[Date "2021.09.08"]
[Round "2.2"]
[Board "4"]
[White "Verbin, Valentina"]
[Black "Moaataz, Ayah"]
[Result "0-1"]
[BlackTitle "WIM"]
[WhiteElo "2039"]
[BlackElo "2032"]
[WhiteTeam "Moldova"]
[BlackTeam "Egypt"]
[WhiteFideId "13905910"]
[BlackFideId "10615873"]
[EventDate "2021.09.08"]
[EventType "team"]

1. e4 c6 2. d4 d5 3. e5 Bf5 4. Nf3 e6 5. Be2 Nd7 6. a4 Ne7 7. a5 Bg6 8. O-O Nf5
9. c3 Be7 10. g4 Nh4 11. Nxh4 Bxh4 12. f4 Be4 13. Bd3 Bxd3 14. Qxd3 Qe7 15. Qh3
h6 16. Nd2 g5 17. f5 exf5 18. Rxf5 O-O-O 19. c4 Kb8 20. Qb3 f6 21. a6 b6 22.
cxd5 fxe5 23. dxc6 Nf6 24. Nc4 Qe6 25. Qf3 Qxc4 26. Rxf6 Rxd4 27. c7+ Qxc7 28.
Rf7 Rd7 29. Rxd7 Qxd7 30. Be3 Rd8 31. Bxb6 axb6 32. a7+ Qxa7 33. Rxa7 Kxa7 34.
Qa3+ Kb8 35. Qe7 Kc8 36. Qe6+ Kc7 37. Qxe5+ Rd6 38. Kg2 Kd7 39. Qg7+ Kc6 40.
Qc3+ Kd7 41. b4 Re6 42. Qd3+ Ke7 43. b5 Be1 44. Qa3+ Kf7 45. Qa7+ Kf6 46. Qh7
Ke5 47. Qb1 Bc3 48. Qd3 Bd4 49. Qf5+ Kd6 50. Qf8+ Kd5 51. Qg8 Kd6 52. Qa8 Bc5
53. Qc6+ Ke7 54. Qc7+ Kf6 55. Qh7 Ke5 56. Kg3 Kd6 57. Qd3+ Ke7 58. Qd5 Re3+ 59.
Kg2 Re2+ 60. Kf3 Re3+ 61. Kg2 Re2+ 62. Kf1 Re6 63. Qa8 Kd6 64. Qf8+ Ke5 65. Qf5+
Kd6 66. Qd3+ Ke7 67. Qd5 Kf6 68. Qf5+ Ke7 69. Qf3 Rf6 70. Kg2 Rxf3 71. Kxf3 Kf6
72. Ke4 Ke6 73. h3 Bg1 74. Kf3 Ke5 75. Kg2 Bd4 76. Kf3 Bc5 77. Kg3 Ke4 78. h4
Be3 79. hxg5 hxg5 80. Kg2 Bf4 81. Kf2 Bd2 82. Ke2 Bc1 83. Kd1 Ba3 84. Ke2 Kf4 0-1